Statistics for Least Guessed Countries by a Single Clue

Click here to take the quiz!

General Stats

  • This quiz has been taken 54 times
  • The average score is 6 of 15

Answer Stats

cluecountry% Correct
Portuguese speaking islands, thanks to colonisation dating back to 1470São Tomé and Príncipe
80%
A wealthy country in the 1970's, but now impoverished after the phosphate has all been strip-minedNauru
64%
The second half of this country's hyphenated name is the name of its capital cityGuinea-Bissau
53%
The only nation with land in the Northern, Southern, Eastern and Western HemispheresKiribati
53%
English, Japanese, Sonsorolese and Tobian are spoken herePalau
47%
With a highest elevation of 15 feet, this will be the first ex-nation because of rising sea levelsTuvalu
47%
Independent since 1975, except for Mayotte which has remained FrenchComoros
44%
Over 50% of its GDP is US aid, and the US is also in control of its defense - an independent country, really?Marshall Islands
44%
Australia doesn't want its maritime border with this nation to be the median point; it wants more than halfway so it can access lucrative gas fields. A bit like China's behavior in the South China Sea...Timor-Leste
38%
The southernmost of the Windward IslandsGrenada
36%
Has three official languages, Spanish, French, and Portuguese, and a largest city called BataEquatorial Guinea
33%
Hurricane Irma in 2017 caused all of the 2nd island to be evacuated to the main islandAntigua and Barbuda
27%
Jointly controlled by the French and British until its independence in 1980Vanuatu
20%
It's highest point (4000 ft) is La Soufrière, an active volcanoSaint Vincent and the Grenadines
18%
Alternated between French and English rule 14 times between 1663 and 1814Saint Lucia
9%

Score Distribution

Percentile by Number Answered

Percent of People with Each Score

Your Score History

You have not taken this quiz